000 00510nam a2200169 a 4500
001 000013336
003 DO-SdBNP
005 20260115091814.0
008 091123s1970 dr 000 0 spa d
040 _aDO-SdBNP
_bspa
_cBNPHU
082 4 _aRD866.44
_bL898c
100 1 _aLovelace B., Manuel de J.
_930532
245 1 0 _aCarta a mis hijas :
_b(la carta desdeñada), 1948 /
_cManuel de J. Lovance B.
260 _aSanto Domingo :
_bLibreria Dominicana,
_c1970.
300 _a105 p. ;
_c22 cm.
942 _2ddc
_cLBS1
999 _c12964
_d12964